000 00814nam a2200265Ia 4500
003 OSt
005 20220923211141.0
006 a|||||r|||| 00| 0
007 ta
008 220922b |||||||| |||| 00| 0 hin d
020 _a8186116427
024 _a216,522
037 _cTextual
040 _aARTS
_cARTS
_bhin
041 _2hin
_ahin
082 _aO152,3N3012,MA, P2
100 _aकौशिक, जगदीश प्रसाद
_9158777
245 0 _aमहाअभिमान
246 _ahināabhimāna
260 _aजयपुर
_b रचना
_c2002
300 _a216i`
_ccm.
650 _aहिन्दी साहित्य
_9156264
942 _hO152,3N3012,MA, P2
_cTEXL
_2CC
999 _c295969
_d295969